MARC details
| 000 -CABECERA |
| campo de control de longitud fija |
01465nam a2200325 i 4500 |
| 003 - IDENTIFICADOR DEL NÚMERO DE CONTROL |
| campo de control |
DO-SdBNP |
| 005 - FECHA Y HORA DE LA ÚLTIMA TRANSACCIÓN |
| campo de control |
20260305073952.0 |
| 007 - CAMPO FIJO DE DESCRIPCIÓN FÍSICA--INFORMACIÓN GENERAL |
| campo de control de longitud fija |
ta |
| 008 - DATOS DE LONGITUD FIJA--INFORMACIÓN GENERAL |
| campo de control de longitud fija |
190724s2000 ao 000 spa d |
| 020 ## - NÚMERO INTERNACIONAL ESTÁNDAR DEL LIBRO |
| Número Internacional Estándar del Libro |
9993423122 |
| 040 ## - FUENTE DE LA CATALOGACIÓN |
| Centro catalogador/agencia de origen |
DO-SdBNP |
| Lengua de catalogación |
spa |
| Centro/agencia transcriptor |
BNPHU |
| Normas de descripción |
rda |
| 082 ## - NÚMERO DE LA CLASIFICACIÓN DECIMAL DEWEY |
| Número de clasificación |
xxxx |
| Número de documento/Ítem |
D925b |
| Número de edición |
22 |
| 100 ## - ENTRADA PRINCIPAL--NOMBRE DE PERSONA |
| Nombre de persona |
Dunoyer de Segonzac, André J |
| 9 (RLIN) |
76493 |
| Fechas asociadas al nombre |
1884-1974 |
| Término indicativo de función/relación |
autor |
| Código de función/relación |
aut. |
| 245 #0 - MENCIÓN DE TÍTULO |
| Título |
Básilica nuestra señora de la Altragracia / |
| Mención de responsabilidad, etc. |
Andrè J. Dunoyer de Segonzac ; traducciòn al español de Jean Alexis Gauge ; traducción al inglés Denis Solomin ; ediciòn al cuidado de Frank Moya Pons ; fotografías Wilfredo García, Alejandro Lajara, Pablo Morel, Guico Báez, |
| 264 #1 - PRODUCCIÓN, PUBLICACIÓN, DISTRIBUCIÓN, FABRICACIÓN Y COPYRIGHT |
| Producción, publicación, distribución, fabricación y copyright |
Santo Domingo : |
| Nombre del de productor, editor, distribuidor, fabricante |
Banco Popular, |
| -- |
Editora Amigo del Hogar, |
| Fecha de producción, publicación, distribución, fabricación o copyright |
2000. |
| 300 ## - DESCRIPCIÓN FÍSICA |
| Extensión |
343 páginas |
| Otras características físicas |
ilustraciones, fotografías |
| Dimensiones |
29 cm |
| 336 ## - TIPO DE CONTENIDO |
| Término de tipo de contenido |
texto |
| Código de tipo de contenido |
txt |
| Fuente |
rdacontent |
| 337 ## - TIPO DE MEDIO |
| Nombre/término del tipo de medio |
sin mediación |
| Código del tipo de medio |
n |
| Fuente |
rdamedia |
| 338 ## - TIPO DE SOPORTE |
| Nombre/término del tipo de soporte |
volumen |
| Código del tipo de soporte |
nc |
| Fuente |
rdacarrier |
| 590 ## - NOTA LOCAL (RLIN) |
| Nota local |
Inventariado, 2020 / DG |
| 700 1# - PUNTO DE ACCESO ADICIONAL--NOMBRE DE PERSONA |
| Nombre de persona |
Moya Pons, Frank, |
| Fechas asociadas al nombre |
1944- |
| Término indicativo de función/relación |
Editor |
| Código de función/relación |
ed. |
| 9 (RLIN) |
2095 |
| 700 ## - PUNTO DE ACCESO ADICIONAL--NOMBRE DE PERSONA |
| Nombre de persona |
Gauge, Jean Alexis |
| Término indicativo de función/relación |
Traductor del español |
| 9 (RLIN) |
76738 |
| Código de función/relación |
trad. |
| 700 ## - PUNTO DE ACCESO ADICIONAL--NOMBRE DE PERSONA |
| Nombre de persona |
Solomin, Denis |
| Término indicativo de función/relación |
traducción del inglés |
| Código de función/relación |
trad. |
| 9 (RLIN) |
86983 |
| 700 ## - PUNTO DE ACCESO ADICIONAL--NOMBRE DE PERSONA |
| Nombre de persona |
García, Wilfredo |
| Término indicativo de función/relación |
fotógrafo |
| Código de función/relación |
fot. |
| 9 (RLIN) |
59135 |
| 700 ## - PUNTO DE ACCESO ADICIONAL--NOMBRE DE PERSONA |
| Nombre de persona |
Lajara, Alejandro |
| Término indicativo de función/relación |
fotógrafo |
| Código de función/relación |
fot. |
| 9 (RLIN) |
86984 |
| 700 ## - PUNTO DE ACCESO ADICIONAL--NOMBRE DE PERSONA |
| Nombre de persona |
Morel, Pablo |
| Término indicativo de función/relación |
fotógrafo |
| Código de función/relación |
fot. |
| 9 (RLIN) |
86985 |
| 700 ## - PUNTO DE ACCESO ADICIONAL--NOMBRE DE PERSONA |
| Nombre de persona |
Báez, Guico |
| Término indicativo de función/relación |
fotógrafo |
| Código de función/relación |
fot. |
| 9 (RLIN) |
86986 |
| 910 ## - DATOS DE OPCIÓN DEL USUARIO (OCLC) |
| Datos de opción del usuario |
Inventariado, 2020 / DG |
| 942 ## - ELEMENTOS DE PUNTO DE ACCESO ADICIONAL (KOHA) |
| Fuente del sistema de clasificación o colocación |
Dewey Decimal Classification |
| Tipo de ítem Koha |
Libro |